000 00473nam a2200181Ia 4500
008 240925s9999 xx 000 0 und d
020 _a71005218
082 _a658.8 CHR
100 _aChristopher, H Lovelock; Weinbreg, Charles B
245 0 _aMarketing Challenges: case and exercise
250 _aNA
260 _aToronto:
_bMc Graw-Hill
_c,1989.
300 _axxv,416p.
_bNA
_fOriginal
500 _aNA
600 _aManagement
650 _aManagement
942 _cBK
999 _c6000
_d6000